| 000 | 00917nam a22003017a 4500 | ||
|---|---|---|---|
| 003 | BD-DhJNU | ||
| 005 | 20250921045631.0 | ||
| 008 | 250921b |||||||| |||| 00| 0 eng d | ||
| 020 | _a0203007476 | ||
| 020 | _a0415359457 | ||
| 020 | _a9780415359450 | ||
| 020 | _a9780415359467 | ||
| 020 | _a0415359465 | ||
| 020 | _a9780203007471 | ||
| 040 |
_aBD-DhJNU _bENG _cBD-DhJNU _dBD-DhJNU |
||
| 082 |
_223 _a302.2 MAG |
||
| 100 | _aMachin, David | ||
| 245 |
_aGlobal media discourse : _ba critical introduction / _cDavid Machin and Theo van Leeuwen |
||
| 260 |
_aNew York : _bRoutledge Taylor & Francis Group, _c2007. |
||
| 300 |
_aviii, 188p. : _bill. ; _c24 cm. |
||
| 504 | _aIncludes bibliographical references and index | ||
| 650 | _aCommunication, International | ||
| 650 | _aGlobalization | ||
| 650 | _aGlobalisering | ||
| 650 | _aMassmedia | ||
| 700 | _aLeeuwen, Theo Van | ||
| 942 |
_2ddc _cBK _n0 |
||
| 999 |
_c2140 _d2140 |
||